000 00244 a2200109 4500
001 44153
040 _cAnchieta - Aquarius
240 1 0 _aPintando o sete na sua festa
_l
245 1 0 _aPintando o sete na sua festa
650 4 _aMúsica
942 _cMU
999 _c44153
_d44153